Los Complejos y el Inconsciente
Kaydedildi:
| Yazar: | |
|---|---|
| Materyal Türü: | Kitap |
| Dil: | İspanyolca |
| Baskı/Yayın Bilgisi: |
Madrid
Alianza
1969
|
| Edisyon: | 1a. ed |
| Seri Bilgileri: | El Libro de Bolsillo: Humanidades, 155
|
| Konular: | |
| Etiketler: |
Etiketle
Etiket eklenmemiş, İlk siz ekleyin!
|
MARC
| LEADER | 00000nam a2200000 a 4500 | ||
|---|---|---|---|
| 001 | UCH5332 | ||
| 003 | CL-VaPUC | ||
| 008 | 091014e19690000SP |||||||||||||||||spa|d | ||
| 020 | |a 8420611557 | ||
| 082 | 0 | 4 | |a 155.264 |b JUN |2 21 |
| 100 | |a Jung, Carl Gustav |e autor |9 311444 | ||
| 245 | 1 | 4 | |a Los Complejos y el Inconsciente |
| 250 | |a 1a. ed | ||
| 300 | |a 452 p | ||
| 942 | |c BK | ||
| 945 | |d 20091014 00:00:00 |a ccalabra | ||
| 260 | |a Madrid |b Alianza |c 1969 | ||
| 650 | 0 | |a Psicología |9 257863 | |
| 650 | 0 | |a Psicoanálisis |9 265702 | |
| 650 | 7 | |a TIPOLOGIA |2 CL-VaPUC |9 383189 | |
| 650 | 7 | |a PSICOLOGIA MODERNA |2 CL-VaPUC |9 394070 | |
| 650 | 0 | |a Conciencia |9 309452 | |
| 651 | 0 | |a Suiza |9 256768 | |
| 583 | |a last modification |c 20091014 00:00:00 |k Rodrigo Vera | ||
| 490 | 0 | |a El Libro de Bolsillo: Humanidades, 155 | |
| 999 | |c 336495 |d 336493 | ||